Le livre de la sagesse orientale (Record no. 171436)

MARC details
000 -LEADER
campo de control de longitud fija 01074nam a22002775i 4500
001 - NÚMERO DE CONTROL
campo de control 171436
003 - IDENTIFICADOR DE NÚMERO DE CONTROL
campo de control ES-MaACL
005 - FECHA Y HORA DE LA ÚLTIMA TRANSACCIÓN
campo de control 20230906214632.0
008 - DATOS DE LONGITUD FIJA--INFORMACIÓN GENERAL
campo de control de longitud fija 090514s1987 fr |||| | fre d
020 ## - NÚMERO INTERNACIONAL ESTÁNDAR DEL LIBRO
Número Internacional Estándar del Libro 2-86432-056-8
080 ## - NÚMERO DE LA CLASIFICACIÓN DECIMAL UNIVERSAL
Número de la Clasificación Decimal Universal 1(=927)"11"
080 ## - NÚMERO DE LA CLASIFICACIÓN DECIMAL UNIVERSAL
Número de la Clasificación Decimal Universal 141.336
100 1# - ENTRADA PRINCIPAL--NOMBRE DE PERSONA
Nombre de persona Sohravardî, Sihâboddîn Yahyâ.
9 (RLIN) 140143
245 13 - MENCIÓN DEL TÍTULO
Título Le livre de la sagesse orientale
Resto del título = Kitâb Hikmat al-ishrâq /
Mención de responsabilidad, etc. Shikâboddîn Yahya Sohravardî, Shaykh al-Ishrâq ; commentaires de Qotboddîn Shîrâzî et Mollâ Sadrâ Shîrâzî ; traduction et notes par Henry Corbin ; établies et introduites par Christian Jambet.
260 ## - PUBLICACIÓN, DISTRIBUCIÓN, ETC.
Lugar de publicación, distribución, etc. Lagrasse :
Nombre del editor, distribuidor, etc. Verdier,
Fecha de publicación, distribución, etc. [1987]
300 ## - DESCRIPCIÓN FÍSICA
Extensión 694 p. ;
Dimensiones 22 cm.
490 1# - MENCIÓN DE SERIE
Mención de serie Islam spirituel
611 24 - PUNTO DE ACCESO ADICIONAL DE MATERIA--NOMBRE DE REUNIÓN/CONGRESO
Nombre de congreso/reunión o jurisdicción como elemento de entrada Shîrâzî, Mollâ Sadrâ.
9 (RLIN) 225092
650 14 - PUNTO DE ACCESO ADICIONAL DE MATERIA--TÉRMINO DE MATERIA
Término de materia o nombre geográfico como elemento de entrada Sufismo-
Subdivisión general Obras anteriores a 1800.
9 (RLIN) 140144
700 1# - ENTRADA AGREGADA--NOMBRE PERSONAL
Nombre de persona Corbin, Henry.
9 (RLIN) 40471
700 0# - ENTRADA AGREGADA--NOMBRE PERSONAL
Nombre de persona Jambet, Christian.
9 (RLIN) 65957
700 1# - ENTRADA AGREGADA--NOMBRE PERSONAL
Nombre de persona Shîrâzî, Qotboddîn.
9 (RLIN) 140145
830 0# - PUNTO DE ACCESO ADICIONAL DE SERIE-TÍTULO UNIFORME
Título uniforme Islam spirituel
9 (RLIN) 223175
852 ## - LOCALIZACIÓN
Ubicación ES-MaACL
Número de control de estantería G-12358
itemnumber R.114.814
Holdings
Estatus retirado Estado de pérdida Estado de daño No para préstamo Biblioteca de origen Biblioteca actual Ubicación en estantería Fecha de adquisición Fuente de adquisición Total de préstamos Signatura topográfica completa Código de barras Visto por última vez Precio de reemplazo Tipo de ítem Koha
        Biblioteca del Ateneo de Madrid Biblioteca del Ateneo de Madrid Sala Pecera Planta 3 14/05/2009     G-12358 1179913 23/02/2023 23/02/2023 Libro impreso